[Event "R1 - Tarbes 2 - Lardenne"]
[Site "Tarbes"]
[Date "2007.02.11"]
[Round "5"]
[White "Grimal, Richard"]
[Black "Conrairie, Christophe"]
[Result "1-0"]
[WhiteElo "1610"]
[BlackElo "1499"]
[EventDate "2007.??.??"]
[PlyCount "147"]

1.e4 e5 2.Nf3 Nc6 3.Bb5 a6 4.Bxc6 dxc6 5.O-O Nf6 6.Nxe5 Bd6 7.Nc4 Bxh2+ 8.
Kh1 O-O 9.Ne3 Bf4 10.Qf3 Qd6 11.Nc4 Bg4 12.Nxd6 Bxf3 13.Nxb7 Bxe4 14.Nc3 
Bxc2 15.d4 Nd5 16.Nxd5 cxd5 17.Bxf4 Rab8 18.Rac1 Bd3 19.Rfd1 Be2 20.Rd2 
Rbe8 21.Rxc7 Bh5 22.Be3 h6 23.Rdc2 Kh7 24.Nd6 Rb8 25.Rc8 Rbxc8 26.Rxc8 Kg8
27.Rxf8+ Kxf8 28.Nb7 Ke7 29.Bd2 Kd7 30.Nc5+ Kc6 31.Nxa6 g5 32.Nb4+ Kd6 33.
a4 Bg6 34.Na2 Bd3 35.Nc3 Kc6 36.a5 Kd6 37.b4 Kc6 38.Kh2 f5 39.g3 Bc4 40.
Kg2 Bd3 41.f3 Kd6 42.Kf2 Bc4 43.b5 Kc7 44.b6+ Kc6 45.Na4 Kb7 46.Nc5+ Ka8 
47.Bb4 Bb5 48.a6 Bxa6 49.Nxa6 Kb7 50.Nc5+ Kxb6 51.Ne6 Kb5 52.Bf8 Kc4 53.
Bxh6 g4 54.Be3 Kd3 55.Nf4+ Kc4 56.fxg4 fxg4 57.Nh5 Kb5 58.Nf6 Kc6 59.Nxg4 
Kd6 60.Ne5 Ke6 61.g4 Kf6 62.Kf3 Ke6 63.Kf4 Kf6 64.g5+ Kg7 65.Kf5 Kf8 66.
Kf6 Kg8 67.Kg6 Kf8 68.Kh7 Ke7 69.g6 Kf8 70.g7+ Ke7 71.g8=Q Kd6 72.Qd8+ Ke6
73.Qd7+ Kf6 74.Qf7# 1-0

[Event "R1 - Tarbes 2 - Lardenne"]
[Site "?"]
[Date "2007.02.11"]
[Round "5"]
[White "Le Keguelin, Thierry"]
[Black "Foing, Marc"]
[Result "1/2-1/2"]
[WhiteElo "1499"]
[BlackElo "1360"]
[EventDate "2007.??.??"]
[PlyCount "97"]

1.e4 d6 2.d4 Nf6 3.Nc3 g6 4.Be3 Bg7 5.h3 O-O 6.Qd2 Re8 7.Bd3 b6 8.f4 Ba6 
9.Nge2 c5 10.Bxa6 Nxa6 11.g4 cxd4 12.Bxd4 Nc5 13.Qe3 e6 14.Ng3 Qc7 15.g5 
Nd5 16.Nxd5 exd5 17.Bxc5 Qxc5 18.Qxc5 bxc5 19.O-O-O d4 20.h4 Rab8 21.b3 
Rec8 22.Kd2 c4 23.Rc1 Rc6 24.f5 f6 25.Rhf1 Kf7 26.fxg6+ hxg6 27.h5 cxb3 
28.axb3 Rbc8 29.h6 Bh8 30.Ne2 Rc5 31.gxf6 Bxf6 32.Nxd4 Ke7 33.Nf3 Bb2 34.
c4 Bxc1+ 35.Kxc1 Rf8 36.Kd2 Rh5 37.Ke2 Rxh6 38.Kf2 g5 39.Kg3 Rf4 40.Nd2 
Rhh4 41.Re1 Ke6 42.Ra1 Rh7 43.Nf3 Kf6 44.Ra6 Rxe4 45.Rxd6+ Kf5 46.Rd5+ Kf6
47.Rd6+ Kf5 48.Rd5+ Kf6 49.Rd6+ 1/2-1/2

[Event "Nationale IV"]
[Site "?"]
[Date "2007.02.11"]
[Round "5"]
[White "Zarrouati, Pierre"]
[Black "Vialaret, Laurent"]
[Result "1/2-1/2"]
[WhiteElo "2154"]
[BlackElo "2088"]
[EventDate "2007.??.??"]
[PlyCount "90"]

1.d4 f5 2.g4 d5 3.g5 c5 4.c3 Nc6 5.Bg2 e6 6.Nf3 Bd6 7.a3 h6 8.h4 Qe7 9.Qb3
c4 10.Qd1 Bd7 11.Nbd2 hxg5 12.hxg5 Rxh1+ 13.Bxh1 Qf7 14.b3 Qh5 15.Bg2 b5 
16.Nf1 Na5 17.bxc4 bxc4 18.Ne5 Nb3 19.Ra2 Bxe5 20.dxe5 Ne7 21.a4 Nc6 22.
Ba3 Nxe5 23.Bxd5 Nd3+ 24.exd3 Qxd1+ 25.Kxd1 exd5 26.dxc4 dxc4 27.Bd6 O-O-O
28.Kc2 Bc6 29.Bf4 a5 30.Kb2 Be4 31.Ne3 Bd3 32.Ka3 Rh8 33.Be5 Rh5 34.g6 Rg5
35.Nd5 f4 36.Nxf4 Rxe5 37.Nxd3 cxd3 38.Kxb3 Re2 39.Ra1 Rxf2 40.Rg1 Rf6 41.
Kc4 d2 42.Rd1 Rxg6 43.Rxd2 Rc6+ 44.Kb3 Rb6+ 45.Kc2 g5 1/2-1/2

[Event "Nationale IV"]
[Site "?"]
[Date "2007.02.11"]
[Round "5"]
[White "Saubiette, Jean Michel"]
[Black "Trier, Marc"]
[Result "1-0"]
[WhiteElo "1790"]
[BlackElo "1620"]
[EventDate "2007.??.??"]
[PlyCount "71"]

1.e4 e6 2.d4 d5 3.Nd2 c5 4.Ngf3 Nc6 5.exd5 exd5 6.Bb5 Bd7 7.O-O Bd6 8.dxc5
Bxc5 9.Nb3 Qb6 10.Qxd5 Qxb5 11.Re1+ Nge7 12.Qxc5 Qxc5 13.Nxc5 Bf5 14.c3 
O-O-O 15.Be3 Nd5 16.Bd4 Nxd4 17.Nxd4 Bg6 18.Re5 Rhe8 19.Rae1 Rxe5 20.Rxe5 
f6 21.Re1 Bf7 22.f3 g6 23.Kf2 h5 24.Nd3 a6 25.Nc5 Rd6 26.g3 Kc7 27.Ke2 Kb6
28.Na4+ Kc7 29.Kd3 b5 30.Nc5 Kb6 31.Ne4 Rd7 32.a3 Nc7 33.Nxf6 Bc4+ 34.Kc2 
Rd6 35.Ne8 Nd5 36.Nxd6 1-0

[Event "Nationale IV"]
[Site "?"]
[Date "2007.02.11"]
[Round "5"]
[White "Saubiette, Cyrille"]
[Black "Lecureux, Yves"]
[Result "0-1"]
[WhiteElo "1860"]
[BlackElo "1590"]
[EventDate "2007.??.??"]
[PlyCount "110"]

1.d4 Nf6 2.Bf4 e6 3.Nf3 b6 4.e3 Bb7 5.Nbd2 Be7 6.Bd3 Nh5 7.Bg3 d5 8.Ne5 
Nxg3 9.hxg3 Bf6 10.Ndf3 Nc6 11.Ng4 Qe7 12.c3 O-O-O 13.Qe2 g6 14.Nxf6 Qxf6 
15.Ba6 e5 16.Bxb7+ Kxb7 17.dxe5 Nxe5 18.O-O-O Nc4 19.Rh4 c5 20.Rf4 Qe7 21.
b3 Na5 22.Nd2 f5 23.Qf3 Kb8 24.g4 Qe5 25.Nb1 Rhf8 26.gxf5 g5 27.Ra4 Rxf5 
28.Qe2 Rdf8 29.f3 c4 30.Kc2 g4 31.Nd2 gxf3 32.gxf3 Re8 33.e4 d4 34.Nxc4 
Nxc4 35.cxd4 Ne3+ 36.Qxe3 Rc8+ 37.Rc4 Qe6 38.Qc3 Rff8 39.d5 Qg6 40.Qe5+ 
Ka8 41.Rxc8+ Rxc8+ 42.Kd3 Qg2 43.Ke3 Qxa2 44.d6 Qxb3+ 45.Rd3 Qc2 46.Qd5+ 
Kb8 47.d7 Qc1+ 48.Kd4 Qa1+ 49.Ke3 Qc1+ 50.Ke2 Rc2+ 51.Rd2 Rxd2+ 52.Qxd2 
Qxd2+ 53.Kxd2 Kc7 54.Kd3 h5 55.e5 Kxd7 0-1

[Event "Nationale IV"]
[Site "?"]
[Date "2007.02.11"]
[Round "5"]
[White "Pokee, Anne"]
[Black "Moreau, Emilien"]
[Result "1-0"]
[WhiteElo "1977"]
[BlackElo "1830"]
[EventDate "2007.??.??"]
[PlyCount "65"]

1.e4 c5 2.Nf3 Nc6 3.c3 d5 4.exd5 Qxd5 5.Na3 e5 6.Qc2 g6 7.Bc4 Qd8 8.Qb3 
Nh6 9.d3 Na5 10.Bb5+ Bd7 11.Qd5 f6 12.Qe6+ Qe7 13.Bxd7+ Kd8 14.Qxe7+ Kxe7 
15.Ba4 Nf5 16.g4 Nd6 17.g5 e4 18.gxf6+ Kxf6 19.Bg5+ Kf7 20.Ne5+ Ke6 21.d4 
cxd4 22.cxd4 Bg7 23.Bd7+ Kd5 24.Nc2 Bxe5 25.dxe5 Kxe5 26.Bd2 Rhd8 27.Bc3+ 
Kf4 28.Bxa5 Rxd7 29.Rd1 Rc8 30.Ne3 Rc6 31.Rg1 Ke5 32.Bb4 Rf7 33.Bxd6+ 1-0

[Event "Nationale IV"]
[Site "?"]
[Date "2007.02.11"]
[Round "5"]
[White "Martin de la Moutte, Paul"]
[Black "Breton, Yves"]
[Result "0-1"]
[WhiteElo "1600"]
[BlackElo "1950"]
[EventDate "2007.??.??"]
[PlyCount "76"]

1.c4 e6 2.Nc3 d5 3.cxd5 exd5 4.d4 c5 5.Nf3 Nc6 6.dxc5 d4 7.Ne4 Nf6 8.Bg5 
Be7 9.Bxf6 Bxf6 10.Nd6+ Kf8 11.Qb3 Qa5+ 12.Nd2 Qc7 13.e3 dxe3 14.fxe3 Be6 
15.Bc4 Na5 16.Qd3 Nxc4 17.N2xc4 Qxc5 18.Rf1 Rd8 19.Rd1 Bxc4 20.Qxc4 Qxe3+ 
21.Qe2 Qxe2+ 22.Kxe2 Ke7 23.Nxb7 Rb8 24.Nc5 Rxb2+ 25.Kf3 Rc8 26.Rd7+ Kf8 
27.Rc1 Re8 28.Rxa7 Bd4 29.Nd7+ Kg8 30.Ra4 Re3+ 31.Kg4 Rxg2+ 32.Kf4 Rf2+ 
33.Kg4 f5+ 34.Kg5 h6+ 35.Kh5 Rg2 36.Rc8+ Kf7 37.Rf8+ Ke7 38.Rxd4 Rh3+ 0-1

[Event "Nationale IV"]
[Site "?"]
[Date "2007.02.11"]
[Round "5"]
[White "Lacresse, Regis"]
[Black "Arioli, Claude"]
[Result "1-0"]
[WhiteElo "1880"]
[BlackElo "1960"]
[EventDate "2007.??.??"]
[PlyCount "87"]

1.d4 Nf6 2.c4 g6 3.Nc3 Bg7 4.e4 O-O 5.Be3 d6 6.f3 Nc6 7.Nge2 e5 8.dxe5 
Nxe5 9.Nd4 a6 10.Qd2 Rb8 11.Be2 Re8 12.O-O c5 13.Nc2 Be6 14.b3 h5 15.Rad1 
Bf8 16.Bg5 Ned7 17.Qf4 Be7 18.Ne3 Kg7 19.Rd3 Rh8 20.Rfd1 Qc7 21.Qh4 b5 22.
cxb5 c4 23.bxc4 Bxc4 24.Nxc4 Qxc4 25.bxa6 Ne5 26.Rxd6 Qc5+ 27.Kf1 Neg4 28.
R6d3 Nxh2+ 29.Qxh2 Qxg5 30.Qc7 Bc5 31.f4 Qh4 32.Qxc5 Qxf4+ 33.Rf3 Qh4 34.
Qf2 Qh2 35.Rh3 Qe5 36.Nd5 Nxe4 37.Qd4 Qxd4 38.Rxd4 Rb1+ 39.Rd1 Rb2 40.Ra3 
Re8 41.Bf3 Ng3+ 42.Kg1 g5 43.a7 g4 44.Bxg4 1-0

[Event "Nationale IV"]
[Site "?"]
[Date "2007.02.11"]
[Round "5"]
[White "Boulogne, Laurent"]
[Black "Cesbron, Guy"]
[Result "0-1"]
[WhiteElo "1820"]
[BlackElo "2104"]
[EventDate "2007.??.??"]
[PlyCount "44"]

1.e4 c5 2.Nf3 Nc6 3.d4 cxd4 4.Nxd4 e6 5.Nc3 d6 6.Be2 a6 7.Be3 Qc7 8.Qd2 
Nf6 9.f4 Be7 10.Bf3 Nxd4 11.Qxd4 e5 12.Qd2 exf4 13.Bxf4 O-O 14.O-O-O Rd8 
15.g4 Be6 16.g5 Nd7 17.Bxd6 Bxd6 18.Qxd6 Qa5 19.Kb1 Ne5 20.Qe7 Re8 21.Qxb7
Rab8 22.Qa7 Qxc3 0-1

[Event "Nationale IV"]
[Site "?"]
[Date "2007.02.11"]
[Round "5"]
[White "Ajdari, Emmanuel"]
[Black "Alonso, Jesus"]
[Result "0-1"]
[WhiteElo "1499"]
[BlackElo "1790"]
[EventDate "2007.??.??"]
[PlyCount "124"]

1.e4 e6 2.d4 d5 3.exd5 exd5 4.Bd3 Nf6 5.Bg5 Be7 6.Nf3 Ne4 7.Bxe7 Qxe7 8.
O-O O-O 9.Re1 f5 10.c4 c6 11.Nc3 Be6 12.c5 Nd7 13.Qc2 Qf6 14.b4 Bf7 15.b5 
Bh5 16.Ne5 Nxe5 17.dxe5 Qxe5 18.Ne2 Bxe2 19.Qxe2 Qe7 20.Rac1 Qf6 21.bxc6 
bxc6 22.f3 Qd4+ 23.Qe3 Qxe3+ 24.Rxe3 f4 25.Re2 Nf6 26.Re6 Rac8 27.Rce1 
Rfe8 28.Ba6 Rxe6 29.Rxe6 Rc7 30.Bd3 Nd7 31.Bc2 Nxc5 32.Re2 g6 33.g3 fxg3 
34.hxg3 Kf7 35.g4 Ne6 36.Rh2 Kf6 37.Kf2 Rb7 38.Bb3 Nd4 39.Kg3 Nxb3 40.axb3
Kg7 41.Rb2 Rc7 42.b4 Kf6 43.Re2 Rb7 44.Rc2 Rb6 45.Rh2 Rxb4 46.Rxh7 a5 47.
Rc7 Rc4 48.Kf2 d4 49.Ke2 c5 50.f4 a4 51.Rc6+ Kf7 52.Rc7+ Ke6 53.Rc6+ Kd5 
54.Rxg6 Ke4 55.f5 d3+ 56.Kd1 Rd4 57.f6 Rd8 58.f7 Rf8 59.Rf6 a3 60.Rf2 a2 
61.Rxa2 Rxf7 62.g5 Rf1+ 0-1

[Event "N4 Rodez / Ramonville"]
[Site "?"]
[Date "2007.02.11"]
[Round "?"]
[White "Rouveret, Philippe"]
[Black "De Biasi, Robert"]
[Result "1/2-1/2"]
[WhiteElo "1830"]
[BlackElo "1842"]
[EventDate "2007.??.??"]
[PlyCount "69"]

1.d4 Nf6 2.Nc3 e6 3.Bg5 Bb4 4.Qd3 O-O 5.a3 Bxc3+ 6.Qxc3 d5 7.Nf3 Nbd7 8.
Ne5 c6 9.e3 Nxe5 10.Bxf6 Qxf6 11.dxe5 Qe7 12.Bd3 Bd7 13.Qb3 Rab8 14.O-O f5
15.f4 a6 16.c4 dxc4 17.Qxc4 b5 18.Qc3 c5 19.Rad1 Bc6 20.Be2 c4 21.Bf3 Bxf3
22.Rxf3 Rfd8 23.Rd4 Rd5 24.Rf1 h6 25.Rfd1 Rbd8 26.g3 Qb7 27.Kf2 Rxd4 28.
exd4 Qe4 29.h3 h5 30.Rd2 Qh1 31.h4 Qh2+ 32.Kf1 Qh1+ 33.Kf2 Qh2+ 34.Kf3 
Qh1+ 35.Kf2 1/2-1/2

[Event "N4 Rodez / Ramonville"]
[Site "?"]
[Date "2007.02.11"]
[Round "?"]
[White "Rolle, Pascal"]
[Black "Tanguy, Fabien"]
[Result "0-1"]
[WhiteElo "1919"]
[BlackElo "2052"]
[EventDate "2007.??.??"]
[PlyCount "46"]

1.e4 Nf6 2.d3 e5 3.c4 Bc5 4.Nc3 d6 5.Bg5 c6 6.g3 Qb6 7.Na4 Bxf2+ 8.Ke2 Qd4
9.Bh3 Bxg1 10.Rxg1 Bxh3 11.Qb3 Ng4 12.Qxb7 Qf2+ 13.Kd1 Qxg1+ 14.Kc2 Qf2+ 
15.Kb3 O-O 16.Qxa8 f6 17.Bc1 Qd4 18.Bd2 Qxd3+ 19.Bc3 Ne3 20.Rc1 Qxc4+ 21.
Ka3 Qxe4 22.Qxa7 Nc2+ 23.Kb3 Be6# 0-1

[Event "N4 Rodez / Ramonville"]
[Site "?"]
[Date "2007.02.11"]
[Round "?"]
[White "Rizzo, Carlo"]
[Black "Valerio , Elvin"]
[Result "1-0"]
[WhiteElo "1600"]
[BlackElo "1499"]
[EventDate "2007.??.??"]
[PlyCount "87"]

1.c4 c5 2.g3 g6 3.Bg2 Bg7 4.Nc3 Nc6 5.e4 d6 6.Nge2 a6 7.O-O Bd7 8.d3 Qc8 
9.Rb1 Nf6 10.a3 Bh3 11.b4 Bxg2 12.Kxg2 Nd7 13.b5 Nd4 14.Nxd4 Bxd4 15.Ne2 
Bg7 16.Bb2 O-O 17.Bxg7 Kxg7 18.Nc3 axb5 19.Nxb5 Nb8 20.Rb3 b6 21.Qa1+ Kg8 
22.Rfb1 Nc6 23.Nc3 f5 24.Rxb6 f4 25.f3 Nd4 26.Nd5 Qe8 27.Nxf4 e5 28.Nd5 
Rxf3 29.Qc3 Qf8 30.Qd2 h5 31.Rb7 Re8 32.a4 Nc6 33.Nc7 Re7 34.a5 Ref7 35.
R1b2 Nb4 36.Ne6 Qe8 37.Rxf7 Qxf7 38.Ng5 Rxd3 39.Qxd3 Nxd3 40.Rb8+ Kg7 41.
Nxf7 Kxf7 42.a6 Nb4 43.Rb7+ Ke6 44.a7 1-0

[Event "N4 Rodez / Ramonville"]
[Site "?"]
[Date "2007.02.11"]
[Round "?"]
[White "Nghiem, Luat"]
[Black "Huchet, François"]
[Result "0-1"]
[WhiteElo "2040"]
[BlackElo "2070"]
[EventDate "2007.??.??"]
[PlyCount "66"]

1.e4 c5 2.Nf3 e6 3.d4 cxd4 4.Nxd4 Nc6 5.Nc3 d6 6.Be3 Nf6 7.Be2 Be7 8.O-O 
O-O 9.Qd2 Qc7 10.f4 a6 11.Bf3 Bd7 12.Qf2 Rab8 13.Kh1 b5 14.Rad1 b4 15.Nce2
e5 16.Nxc6 Bxc6 17.Ng3 Rfd8 18.Rfe1 Qb7 19.Rd2 Rd7 20.Red1 Nxe4 21.Nxe4 
Bxe4 22.fxe5 Bxf3 23.gxf3 Bh4 24.Qg2 Re8 25.Bh6 g6 26.Rxd6 Rxe5 27.Qg4 
Rxd6 28.Rxd6 f5 29.Rxg6+ hxg6 30.Qxg6+ Kh8 31.Kg2 Qe7 32.Qh5 f4 33.Bxf4+ 
Rxh5 0-1

[Event "N4 Rodez / Ramonville"]
[Site "?"]
[Date "2007.02.11"]
[Round "?"]
[White "Martinez, Loïc"]
[Black "Galby, Vassili"]
[Result "1-0"]
[WhiteElo "1870"]
[BlackElo "1951"]
[EventDate "2007.??.??"]
[PlyCount "133"]

1.e4 c5 2.Nf3 Nc6 3.d4 cxd4 4.Nxd4 Nf6 5.Nc3 e5 6.Ndb5 d6 7.Bg5 a6 8.Na3 
b5 9.Nd5 Be7 10.Bxf6 Bxf6 11.c3 Ne7 12.Nxf6+ gxf6 13.Qh5 Bb7 14.Bd3 d5 15.
Bc2 dxe4 16.Rd1 Qb6 17.Bb3 O-O 18.Rd7 Rad8 19.Rxd8 Qxd8 20.O-O e3 21.Bc2 
Ng6 22.fxe3 Qd2 23.Qh3 Kh8 24.Rxf6 Kg7 25.Rf1 Rg8 26.Qg3 Kf8 27.Rd1 Qe2 
28.Rd8+ Kg7 29.Rxg8+ Kxg8 30.Qf2 Qg4 31.Bb3 Qd7 32.h3 Kg7 33.Nb1 f6 34.Nd2
Qc6 35.Bc2 Bc8 36.Bf5 Bxf5 37.Qxf5 a5 38.Ne4 b4 39.Kh2 bxc3 40.Nxc3 Qb6 
41.Qd7+ Kh6 42.Nd5 Qa6 43.Qf7 Qd6 44.e4 Kg5 45.Qxh7 f5 46.exf5 e4+ 47.g3 
Ne5 48.Qg7+ Kxf5 49.Ne3+ Ke6 50.Qh6+ Kd7 51.Qxd6+ Kxd6 52.g4 Nd3 53.Kg3 
Kc5 54.g5 Kd4 55.Nc2+ Ke5 56.b3 Nc1 57.Ne3 Nxa2 58.h4 Nc3 59.h5 Ne2+ 60.
Kg4 Nd4 61.h6 Nxb3 62.h7 Kd4 63.h8=Q+ Kd3 64.Qb2 Nd2 65.Qa3+ Ke2 66.g6 Nf3
67.g7 1-0

[Event "N4 Rodez / Ramonville"]
[Site "?"]
[Date "2007.02.11"]
[Round "?"]
[White "Iwanesko, Alexandre"]
[Black "Nenert, Louis"]
[Result "1-0"]
[WhiteElo "1842"]
[BlackElo "1800"]
[EventDate "2007.??.??"]
[PlyCount "70"]

1.Nf3 d5 2.d4 Nf6 3.c4 c6 4.Nc3 g6 5.Bf4 Bg7 6.e3 O-O 7.Bd3 Nh5 8.Bg5 Qa5 
9.Bxe7 Re8 10.Bh4 Bg4 11.O-O g5 12.h3 dxc4 13.hxg4 cxd3 14.Nxg5 Nf6 15.
Qxd3 h6 16.Nge4 Nxg4 17.Qe2 f5 18.Nd6 Qc7 19.Bg3 Qe7 20.Nxe8 Qxe8 21.Qf3 
Qg6 22.Rac1 Nd7 23.b4 Ndf6 24.b5 cxb5 25.Qxb7 Re8 26.Nd5 Nxd5 27.Qxd5+ Kh7
28.Rc6 Qh5 29.Rc5 Rf8 30.Rfc1 Qe8 31.Rc8 Qf7 32.Qxf7 Rxf7 33.R8c7 Rf6 34.
Rxa7 Kg6 35.f3 Rd6 1-0

[Event "N4 Rodez / Ramonville"]
[Site "?"]
[Date "2007.02.11"]
[Round "?"]
[White "Forest, Eric"]
[Black "Tourenne, Dominique"]
[Result "1-0"]
[WhiteElo "1816"]
[BlackElo "1830"]
[EventDate "2007.??.??"]
[PlyCount "99"]

1.d4 Nf6 2.c4 c5 3.d5 g6 4.Nc3 d6 5.Qc2 Bg7 6.f3 O-O 7.e4 a6 8.Bd3 Nbd7 9.
Nge2 Ne5 10.O-O Nxd3 11.Qxd3 e5 12.dxe6 Bxe6 13.Bg5 Qd7 14.Rad1 h6 15.Bh4 
Rad8 16.b3 g5 17.Bg3 Ne8 18.Na4 f5 19.exf5 Bxf5 20.Qd5+ Be6 21.Qe4 Bf5 22.
Qe3 Qe6 23.Qxe6+ Bxe6 24.Nec3 Bd4+ 25.Kh1 d5 26.cxd5 Bxd5 27.Nxd5 Rxd5 28.
Nxc5 Nf6 29.Nxb7 Bb6 30.Rxd5 Nxd5 31.Nd6 Bc7 32.Ne4 Bxg3 33.Nxg3 Nc3 34.
Ra1 Rd8 35.Kg1 Kf7 36.a3 Rb8 37.b4 a5 38.Rc1 axb4 39.axb4 Nd5 40.Nf5 h5 
41.b5 Kf6 42.Ng3 Rxb5 43.Nxh5+ Ke5 44.Re1+ Kd6 45.Ng3 Nf4 46.Ne4+ Kd7 47.
g3 Ne6 48.Re2 Ke7 49.Kg2 Rb3 50.Nxg5 1-0

[Event "N4 Rodez / Ramonville"]
[Site "?"]
[Date "2007.02.11"]
[Round "?"]
[White "Besset, Thierry"]
[Black "Jarlaud, Levi"]
[Result "1-0"]
[WhiteElo "1760"]
[BlackElo "1690"]
[EventDate "2007.??.??"]
[PlyCount "93"]

1.e4 c5 2.Nf3 Nc6 3.d4 cxd4 4.Nxd4 g6 5.Bc4 Bg7 6.c3 Nf6 7.Nxc6 bxc6 8.e5 
Ng8 9.Qe2 f6 10.Bf4 fxe5 11.Bxe5 Nf6 12.O-O d6 13.Rd1 d5 14.Nd2 O-O 15.Ne4
Qb6 16.Bd4 Qa5 17.b4 Qd8 18.Nxf6+ Bxf6 19.Bxf6 Rxf6 20.a4 Qb6 21.a5 Qc7 
22.Ba2 Bb7 23.a6 Bc8 24.Rxd5 Be6 25.Re5 Bxa2 26.Qxa2+ Rf7 27.Rae1 Kf8 28.
Re6 Rd8 29.Qe2 c5 30.b5 Kg8 31.h3 Kf8 32.Rc6 Qf4 33.f3 Rd2 34.Rc8+ Kg7 35.
Qe5+ Qf6 36.Qxf6+ exf6 37.Rxc5 Rfd7 38.c4 Rc2 39.Kh2 Rdd2 40.Rg1 Rd4 41.
Rc7+ Kh6 42.Rxa7 Rdxc4 43.b6 Rc6 44.Rb1 Ra2 45.b7 Rcc2 46.Rg1 Rcb2 47.Ra8 
1-0

[Event "20'/100"]
[Site "?"]
[Date "2007.02.11"]
[Round "5"]
[White "Solirene, Christophe"]
[Black "Moisselin-Stoll, Simon"]
[Result "1-0"]
[WhiteElo "1499"]
[BlackElo "1390"]
[EventDate "2007.??.??"]
[PlyCount "69"]
[WhiteTeam "AUCH"]
[BlackTeam "TOURNEFEUILLE 3"]

1.d4 d5 2.c4 e6 3.e3 Nf6 4.Nf3 Nbd7 5.Nc3 Bb4 6.Bd2 c5 7.a3 Ba5 8.dxc5 
Bxc3 9.Bxc3 Nxc5 10.cxd5 exd5 11.Bb5+ Bd7 12.Bxd7+ Ncxd7 13.O-O O-O 14.Qd4
Re8 15.Qb4 Nb6 16.Rad1 Re4 17.Rd4 a5 18.Qb5 Nc4 19.b3 Nd6 20.Qe2 Nf5 21.
Rxe4 Nxe4 22.Bd4 Rc8 23.Qb2 Nxd4 24.Nxd4 Qf6 25.f3 Nd6 26.Rc1 h6 27.Rxc8+ 
Nxc8 28.Qc3 Qd8 29.Qc5 b6 30.Qc6 Ne7 31.Qc3 Qd6 32.b4 Qe5 33.bxa5 bxa5 34.
g3 Nf5 35.Qc8+ 1-0

[Event "N4, ET - Colomiers, R5 , T8,"]
[Site "Pamplona ESP"]
[Date "2007.02.11"]
[Round "5"]
[White "Avdajic"]
[Black "Garaud, Alain"]
[Result "1/2-1/2"]
[WhiteElo "1910"]
[BlackElo "1834"]
[EventDate "2006.12.22"]
[PlyCount "110"]

1.d4 d5 2.Nf3 Nf6 3.c4 c6 4.Nc3 e6 5.cxd5 exd5 6.Qb3 Bd6 7.Bg5 O-O 8.e3 
Nbd7 9.Be2 Re8 10.Bh4 Nf8 11.Bg3 Qe7 12.Bxd6 Qxd6 13.Ne5 Ng6 14.Nxg6 hxg6 
15.h3 Bf5 16.O-O Re7 17.Bf3 Rae8 18.Rac1 g5 19.g4 Bc8 20.Qc2 g6 21.Na4 Kg7
22.Kg2 Rh8 23.Rh1 Ne4 24.Nc5 Nxc5 25.Qxc5 Qxc5 26.Rxc5 f5 27.Rc3 Kf6 28.
Kg3 Rh4 29.gxf5 gxf5 30.Bg2 Reh7 31.f4 g4 32.Rcc1 gxh3 33.Rxh3 Rxh3+ 34.
Bxh3 Be6 35.b4 Bf7 36.a4 Be8 37.Bf1 Bh5 38.Bg2 Be2 39.Rc5 Ke6 40.Kf2 Bd3 
41.b5 Kd6 42.Bf1 Bxf1 43.Kxf1 Rh2 44.bxc6 bxc6 45.Ra5 Rh7 46.Ke2 Rb7 47.
Kd3 Kc7 48.Kc3 Kb6 49.Rc5 a5 50.Kd3 Rh7 51.Kc2 Rh2+ 52.Kb3 Re2 53.Rc3 Re1 
54.Kc2 Re2+ 55.Kb3 Re1 1/2-1/2

[Event "N4, ET - Colomiers, R5 , T7,"]
[Site "Pamplona ESP"]
[Date "2007.02.11"]
[Round "5"]
[White "Amann"]
[Black "Alladaye"]
[Result "1/2-1/2"]
[WhiteElo "1840"]
[BlackElo "1910"]
[EventDate "2006.12.22"]
[PlyCount "59"]

1.c4 Nf6 2.Nc3 g6 3.e4 d6 4.d4 Bg7 5.f3 O-O 6.Be3 Nbd7 7.Nge2 c5 8.Qd2 a6 
9.g4 cxd4 10.Nxd4 Ne5 11.Be2 Nc6 12.h4 Nxd4 13.Bxd4 Bd7 14.h5 Rb8 15.a4 
Qa5 16.hxg6 fxg6 17.Ra3 Rf7 18.Rb3 Qc7 19.Bb6 Qc6 20.a5 Rbf8 21.O-O Be6 
22.Nd5 Bxd5 23.cxd5 Qd7 24.Rc1 Ne8 25.Qc2 Be5 26.Qc8 Qa4 27.Qc4 Qd7 28.Qc8
Qa4 29.Qc4 Qd7 30.Qc8 1/2-1/2

[Event "N4, ET - Colomiers, R5 , T6,"]
[Site "Pamplona ESP"]
[Date "2007.02.11"]
[Round "5"]
[White "Durbize, Patrick"]
[Black "Sakri, Abdelhak"]
[Result "0-1"]
[WhiteElo "1910"]
[BlackElo "1962"]
[EventDate "2006.12.22"]
[PlyCount "96"]

1.e4 c6 2.d4 d5 3.Nd2 dxe4 4.Nxe4 Bf5 5.Ng3 Bg6 6.Nf3 Nd7 7.Bd3 Bxd3 8.
Qxd3 Ngf6 9.O-O e6 10.Bg5 Qc7 11.Rfe1 Bd6 12.Ne4 Nxe4 13.Qxe4 Nf6 14.Qe2 
h6 15.Bd2 O-O-O 16.Ne5 Qe7 17.c4 Nd7 18.Nxd7 Rxd7 19.c5 Bb8 20.b4 Rxd4 21.
Bc3 Rd5 22.Rad1 Rxd1 23.Qxd1 Rd8 24.Qg4 g6 25.Qf3 Rd5 26.g3 Qd7 27.Qf6 Qe8
28.Qf3 Rf5 29.Qe2 Qd7 30.Ba1 Qd5 31.Qb2 f6 32.Qc1 g5 33.Qe3 Be5 34.Qe2 
Bxa1 35.Rxa1 Qe5 36.Qf1 Qd4 37.Rb1 h5 38.Qe2 e5 39.Rd1 Rxf2 40.Qxf2 Qxd1+ 
41.Kg2 Qd5+ 42.Kg1 Qd4 43.Qxd4 exd4 44.Kf2 Kd7 45.Kf3 f5 46.h4 Ke6 47.Ke2 
Ke5 48.Kd3 f4 0-1

[Event "N4, ET - Colomiers, R5 , T5,"]
[Site "Pamplona ESP"]
[Date "2007.02.11"]
[Round "5"]
[White "Robichon"]
[Black "Moiseyev"]
[Result "1/2-1/2"]
[WhiteElo "1920"]
[BlackElo "1928"]
[EventDate "2006.12.22"]
[PlyCount "49"]

1.d4 Nf6 2.c4 e5 3.dxe5 Ng4 4.Nf3 Bc5 5.e3 Nc6 6.Nc3 Ngxe5 7.Nxe5 Nxe5 8.
Be2 d6 9.Ne4 Bb4+ 10.Bd2 Bxd2+ 11.Nxd2 O-O 12.Nf3 Qf6 13.Nxe5 dxe5 14.O-O 
Rd8 15.Qb3 Rd2 16.Bf3 e4 17.Bxe4 Rxb2 18.Qd3 Be6 19.Qd4 Qxd4 20.exd4 Bxc4 
21.Rfc1 Rxa2 22.Rxa2 Bxa2 23.Rxc7 g6 24.Rxb7 Rd8 25.Rxa7 1/2-1/2

[Event "N4, ET - Colomiers, R5 , T3,"]
[Site "Pamplona ESP"]
[Date "2007.02.11"]
[Round "5"]
[White "Dezaele, Christophe"]
[Black "Casella"]
[Result "1/2-1/2"]
[WhiteElo "2133"]
[BlackElo "2035"]
[EventDate "2006.12.22"]
[PlyCount "35"]

1.d4 Nf6 2.Nf3 g6 3.g3 Bg7 4.Bg2 O-O 5.O-O d6 6.c4 Nbd7 7.Nc3 e5 8.e4 c6 
9.h3 Re8 10.Be3 exd4 11.Nxd4 Nc5 12.Qc2 Qe7 13.Rfe1 a5 14.Rad1 Bd7 15.f3 
Rad8 16.Bf2 Nh5 17.Qd2 Bc8 18.f4 1/2-1/2

[Event "N4, ET - Colomiers, R5 , T2,"]
[Site "Pamplona ESP"]
[Date "2007.02.11"]
[Round "5"]
[White "Genestous, Patrick"]
[Black "Juglard, Eric"]
[Result "0-1"]
[WhiteElo "2190"]
[BlackElo "2130"]
[EventDate "2006.12.22"]
[PlyCount "74"]

1.Nf3 Nf6 2.b3 d6 3.d4 Bg4 4.Nbd2 Nbd7 5.Bb2 g6 6.h4 Bg7 7.Nh2 e5 8.d5 Nb6
9.Nxg4 Nxg4 10.e4 h5 11.Bb5+ Nd7 12.Bxd7+ Qxd7 13.Qe2 Bh6 14.Nc4 f5 15.Na5
fxe4 16.Qxe4 Qf5 17.Qxf5 gxf5 18.b4 O-O-O 19.Rh3 Rhg8 20.Rd3 Nf6 21.g3 Rg4
22.a3 f4 23.Rad1 Rdg8 24.gxf4 Bxf4 25.c4 Rxh4 26.c5 Ne4 27.cxd6 cxd6 28.
Ke2 Rh2 29.Rf3 Rgg2 30.Bd4 Ng3+ 31.Rxg3 Bxg3 32.Bxa7 Bxf2 33.Bxf2 Rxf2+ 
34.Ke3 Rc2 35.Ke4 Rhf2 36.Rh1 Rc3 37.Rh4 b6 0-1

[Event "N4, ET - Colomiers, R5 , T1"]
[Site "Pamplona ESP"]
[Date "2007.02.11"]
[Round "5"]
[White "Daloz"]
[Black "Lejarre, Ludovic"]
[Result "0-1"]
[WhiteElo "2170"]
[BlackElo "2331"]
[EventDate "2006.12.22"]
[PlyCount "140"]

1.d4 Nf6 2.c4 g6 3.Nc3 Bg7 4.e4 d6 5.Be2 O-O 6.Nf3 Na6 7.O-O e5 8.Be3 Ng4 
9.Bg5 Qe8 10.dxe5 dxe5 11.h3 f6 12.Bd2 Nh6 13.c5 c6 14.Bxa6 bxa6 15.Re1 
Rb8 16.b3 Nf7 17.Qc1 Nd8 18.Na4 Qe7 19.Qc4+ Kh8 20.Rac1 Ne6 21.Be3 f5 22.
Bd2 f4 23.Bc3 Ng5 24.Qf1 Bxh3 25.Nxg5 Qxg5 26.f3 Rfe8 27.Red1 Bf8 28.Rc2 
Rb5 29.Be1 Bc8 30.Qf2 Be7 31.Kf1 Qf6 32.Bc3 Bf8 33.Ke2 Rb7 34.Nb2 Be6 35.
Nd3 Bf7 36.Rh1 g5 37.g4 Kg8 38.Qh2 h6 39.Qg1 Rd7 40.Qa1 Bg7 41.Nxe5 Rxe5 
42.Bxe5 Qxe5 43.Qxe5 Bxe5 44.Rxh6 Rc7 45.Rd2 Kg7 46.Rh1 a5 47.Rb1 Rb7 48.
Kd3 a4 49.Kc2 axb3+ 50.axb3 a5 51.Rd3 Rb5 52.Rc1 Rxc5+ 53.Kb1 Rb5 54.Rxc6 
a4 55.Ra6 Rxb3+ 56.Rxb3 Bxb3 57.Ra7+ Kf6 58.Ra6+ Ke7 59.Ra7+ Kd6 60.Ra6+ 
Kc5 61.Ra5+ Kd6 62.Ra6+ Kc7 63.Ra5 Bd4 64.Rxg5 Kd6 65.Rh5 a3 66.Rh2 Kc5 
67.g5 Kc4 68.g6 Kd3 69.Ra2 Bxa2+ 70.Kxa2 Ke3 0-1

[Event "N4, ET - Colomiers, R5 , T4,"]
[Site "Colomiers"]
[Date "2007.02.11"]
[Round "5"]
[White "Hantisse"]
[Black "Jung"]
[Result "1/2-1/2"]
[WhiteElo "2020"]
[BlackElo "2027"]
[PlyCount "146"]

1.e4 e5 2.Nf3 Nc6 3.Bb5 a6 4.Ba4 Nf6 5.O-O Be7 6.Re1 b5 7.Bb3 d6 8.a4 b4 
9.h3 Rb8 10.d4 O-O 11.a5 exd4 12.Nxd4 Nxd4 13.Qxd4 Nd7 14.Bd5 c5 15.Qd3 
Rb5 16.Bc6 Rxa5 17.Rxa5 Qxa5 18.Bxd7 Bxd7 19.Bf4 Be6 20.Bxd6 Bxd6 21.Qxd6 
Qa2 22.Qe5 Qc4 23.c3 Rd8 24.Qc7 Rc8 25.Qd6 Qb3 26.Qxa6 Qxb2 27.Rd1 h6 28.
Qd3 Qa2 29.Rd2 b3 30.c4 Qa4 31.Nc3 Qxc4 32.Qxc4 Bxc4 33.f3 Ra8 34.Kf2 Ra2 
35.Nxa2 bxa2 36.Rd1 Bb3 37.Ra1 f6 38.Ke3 Kf7 39.Kd2 Ke7 40.Kc3 Be6 41.Rd1 
g5 42.Kb2 h5 43.Rh1 h4 44.Rd1 Bf7 45.Rd3 Be6 46.Ra3 Kd6 47.Ra5 Bc4 48.Kc3 
Be6 49.Kb2 Bc4 50.Kc1 Be6 51.Kd2 Bb3 52.Ra3 Bc4 53.Ke3 Bb3 54.Kd3 c4+ 55.
Kd4 Kc6 56.Kc3 Kd6 57.Ra5 Ke6 58.Ra3 Ke5 59.Ra6 Kf4 60.Rxf6+ Kg3 61.Ra6 
Kxg2 62.e5 Bd1 63.Rxa2+ Kxh3 64.Rf2 Ba4 65.e6 Kg3 66.Ra2 Be8 67.Ra8 Bc6 
68.Rc8 Bxf3 69.e7 Bh5 70.Rh8 Bf7 71.Rf8 Bh5 72.Rh8 Bf7 73.Rf8 Bh5 1/2-1/2